000 00748nam a2200253Ia 4500
003 OSt
005 20221006143642.0
006 a|||||r|||| 00| 0
007 ta
008 221006b |||||||| |||| 00| 0 eng d
020 _c
_15.00
024 _a9,551
037 _cTextual
040 _aEASL
_cEASL
_beng
041 _2eng
_aeng
082 _aX:54.4E.N6, K7
100 _aHO Alfred K
_9281032
245 0 _aFar East in world trade
_b Developments and growth since 1945
260 _aNew York
_bFrederick A Praeger Pub
_c1967
300 _a388p.
_ccm.
490 _v Oth
_aPraeger special studies in intenational economics and development
942 _hX:54.4E.N6, K7
_cTEXL
_2CC
999 _c1077637
_d1077637